书目信息 |
| 书名: | Seashore life on rocky coasts | |
| 作者: | Judith Connor. | |
| 分册号: | ||
| 分册名: | 出版地: | Monterey, Calif. : |
|
| 出版社: | Monterey Bay Aquarium | |
| 出版时间: | c1993. | |
| 页数: | 64 p. : | |
| 开本: | 24 cm. | |
| 丛书名: | Monterey Bay Aquarium natural history series | |
| 中图分类号: | ||
| 科图分类号: | ||
| 其他分类号: | Q-9 | |
| 主题词: | ||
| 电子资源: | ||
| 000 | 01164cam a2200313 a 450 | |
| 001 | E0733381975 | |
| 005 | 20070513092139.01 | |
| 008 | 921125s1993 caua j 001 0 eng | |
| 010 | @a92042249 | |
| 020 | @a1878244051 :@cUSD9.95. | |
| 035 | @A(DLC) 92042249 | |
| 040 | @aDLC@cDLC@dDLC | |
| 042 | @alcac | |
| 050 | 00 | @aQL122.2@b.C655 1993 |
| 082 | 00 | @a591.5/2638@2 20 |
| 090 | @aQ-9 | |
| 099 | @dQ-9@ex2 | |
| 100 | 1 | @aConnor, Judith,@d1948- |
| 245 | 10 | @aSeashore life on rocky coasts / @cJudith Connor. |
| 260 | @aMonterey, Calif. :@bMonterey Bay Aquarium,@cc1993. | |
| 300 | @a64 p. :@bcol. ill. ;@c24 cm. | |
| 440 | 0 | @aMonterey Bay Aquarium natural history series |
| 500 | @aIncludes index. | |
| 650 | 0 | @aSeashore animals@xJuvenile literature. |
| 650 | 0 | @aIntertidal animals@xJuvenile literature. |
| 906 | @a7@bcbc@corignew@d1@eocip@f19@gy-gencatlg | |
| 920 | @a** LC HAS REQ’D # OF SHELF COPIES ** | |
| 955 | @apc14 to ja00 11-25-92; jb10 11-25-92; jb06 12-08-92; jb02 12-08-92; DDC 12-08-92; aa07 12-09-92; bk recd jd00 11-23-93; CIP ver. jd20 01-06-94; | |
| 991 | @bc-GenColl@hQL122.2@i.C655 1993@p00054283532@tCopy 1@wBOOKS | |
| Seashore life on rocky coasts / / Judith Connor.-Monterey, Calif. : : Monterey Bay Aquarium, , c1993. |
| 64 p. : : col. ill. ; ; 24 cm.- (Monterey Bay Aquarium natural history series ) |
| Includes index. |
| ISBN 1878244051 :USD9.95. |
| ● |
| 相关链接 |
|
|
|
|
正题名:Seashore life on rocky coasts
索取号:Q-9/x2
 
预约/预借
| 序号 | 登录号 | 条形码 | 馆藏地/架位号 | 状态 | 备注 |
| 1 | 0008464 | 300084646 | 第二样本阅览室/ [索取号:Q-9/x2] | 在馆 |